Análisis de las resistencias a la compresión del concreto de relleno de celdas según las dosificaciones establecidas en el Código Sísmico de Costa Rica 2002
Sábháilte in:
| Príomhchruthaitheoir: | |
|---|---|
| Formáid: | LEABHAR |
| Foilsithe / Cruthaithe: |
[San José, Costa Rica]
2007
|
| Ábhair: | |
| Clibeanna: |
Cuir clib leis
Níl clibeanna ann, Bí ar an gcéad duine le clib a chur leis an taifead seo!
|
MARC
| LEADER | 00000nam a2200000Ia 4500 | ||
|---|---|---|---|
| 003 | 001024 | ||
| 005 | 20221231144104.0 | ||
| 008 | 140114s2007 cr a 000 ||s d | ||
| 040 | |c cru CEDI | ||
| 090 | |a TFG 5552 | ||
| 100 | |a Sandí Hidalgo, Keylor |9 4599 | ||
| 245 | |a Análisis de las resistencias a la compresión del concreto de relleno de celdas según las dosificaciones establecidas en el Código Sísmico de Costa Rica 2002 | ||
| 260 | |c 2007 |b [San José, Costa Rica] | ||
| 300 | |a xiv, 95 hojas; ilustraciones a color | ||
| 500 | |a Tesis (licenciatura en ingeniería civil)--Universidad de Costa Rica. Facultad de Ingeniería. Escuela de Ingeniería Civil | ||
| 650 | |x MAMPOSTERIA |x BLOQUES DE HORMIGON |x RESISTENCIA DE MATERIALES |x DISEÑO DE ESTRUCTURAS |9 4600 | ||
| 942 | |c TFG | ||
| 999 | |c 16709 |d 16709 | ||
